| 000 | 00761nam a2200193 a 4500 | ||
|---|---|---|---|
| 001 | 000039862 | ||
| 005 | 20201002033757.0 | ||
| 008 | 130725s1991 sp 000 0 spa d | ||
| 020 | _a8400071832 | ||
| 040 |
_aDO-SdBNP _bspa _cBNPHU |
||
| 100 | 1 |
_aWartburg, Walther von, _d1888-1971 _966064 |
|
| 245 | 1 | 0 |
_aProblemas y métodos de la lingüística : _bWalther Von Wartburg ; traducción de Dámaso Alonso y Emilio Lorenzo, anotado para lectores hispánicos por Dámaso Alonso. |
| 250 | _a2a. ed. | ||
| 260 |
_aMadrid : _bConsejo Superior de Investigaciones Científicas. "Instituto Miguel de Cervantes.", _c1991. |
||
| 300 |
_a421 p. ; _c22 cm. |
||
| 490 | 1 |
_aTextos universitarios _v11 |
|
| 500 | _aIncluye índice | ||
| 830 | 0 |
_aTextos universitarios _v11 _91147 |
|
| 999 |
_c39352 _d39352 |
||